Rakht-e-Shab/ رخت شب (Urdu) / (Record no. 187927)
[ view plain ]
| 000 -LEADER | |
|---|---|
| fixed length control field | 00411 a2200157 4500 |
| 003 - CONTROL NUMBER IDENTIFIER | |
| control field | NUST |
| 005 - DATE AND TIME OF LATEST TRANSACTION | |
| control field | 20230327122954.0 |
| 040 ## - CATALOGING SOURCE | |
| Transcribing agency | Nust |
| 082 ## - DEWEY DECIMAL CLASSIFICATION NUMBER | |
| Classification number | 808.91,NAQ |
| 100 ## - MAIN ENTRY--PERSONAL NAME | |
| Personal name | Naqvi, Mohsin |
| 9 (RLIN) | 1414 |
| 245 ## - TITLE STATEMENT | |
| Title | Rakht-e-Shab/ رخت شب (Urdu) / |
| Statement of responsibility, etc. | Mohsin Naqvi |
| 260 ## - PUBLICATION, DISTRIBUTION, ETC. | |
| Place of publication, distribution, etc. | Lahore |
| Name of publisher, distributor, etc. | Mavra Publisher |
| Date of publication, distribution, etc. | 2006 |
| 300 ## - PHYSICAL DESCRIPTION | |
| Extent | 200: p. |
| 650 ## - SUBJECT ADDED ENTRY--TOPICAL TERM | |
| Topical term or geographic name entry element | Urdu Literature |
| General subdivision | Urdu Poetry |
| 9 (RLIN) | 110476 |
| 942 ## - ADDED ENTRY ELEMENTS (KOHA) | |
| Source of classification or shelving scheme | |
| Koha item type | Book |
| Call number prefix | 808.91,NAQ |
| Withdrawn status | Lost status | Source of classification or shelving scheme | Damaged status | Not for loan | Permanent Location | Current Location | Shelving location | Date acquired | Total Checkouts | Full call number | Barcode | Date last seen | Date last checked out | Price effective from | Koha item type | Public note |
|---|---|---|---|---|---|---|---|---|---|---|---|---|---|---|---|---|
| Military College of Signals (MCS) | Military College of Signals (MCS) | General Stacks | 12/12/2016 | 7 | 808.91,NAQ | MCS26492 | 03/16/2026 | 02/03/2026 | 12/12/2016 | Book | Almirah No.65, Shelf No.2 |
